00470nam a2200133Ia 4500008004100000020001800041100001500059245005200074250001200126260003700138300001400175999001900189952012800208180116s9999 xx 000 0 und d a9780071833103 aSaia, D.A. cD. A. SaiaaLange Q&A Radiography Examination / a10th ed aUSAbMcGraw-Hill Educationc2016 a417 pages c353237d353237 001040aSSLCbSSLCcSSLCd2018-01-16eLibrary Fundl0oRC 78.15 .Sa132 2016pSSLC1620r2018-05-15 00:00:00w2018-01-16yBK